Transforming sustainability strategy into action : The chemical industry

Gespeichert in:
Bibliographische Detailangaben
1. Verfasser: Beloff, Beth
Format: Buch
Sprache:Undetermined
Veröffentlicht: Hoboken Wiley-Interscience 2005
Schlagworte:
Tags: Tag hinzufügen
Keine Tags, Fügen Sie den ersten Tag hinzu!
Thư viện lưu trữ: Trung tâm Học liệu Trường Đại học Cần Thơ
LEADER 00701nam a2200217Ia 4500
001 CTU_100137
008 210402s9999 xx 000 0 und d
020 |c 1519000 
082 |a 660.068 
082 |b B452 
100 |a Beloff, Beth 
245 0 |a Transforming sustainability strategy into action : 
245 4 |b The chemical industry 
245 0 |c Beth Beloff, Marianne Lines, Dicksen Tanzil 
260 |a Hoboken 
260 |b Wiley-Interscience 
260 |c 2005 
650 |a Chemical industry,Sustainable development,Industrial management 
650 |x Environmental aspects,Management,Environmental aspects 
904 |i Giang 
980 |a Trung tâm Học liệu Trường Đại học Cần Thơ